000 00532nmm a2200181Ia 4500
008 251105s9999||||xx |||||||||||||||||und||
020 _a9788417968205
041 _aspa
100 _aRoversi, Paolo
245 0 _aLos adictos
264 _a[Madrid, España] :
_bRoca Editorial,
_c[Fecha de publicación no identificada]
300 _a0 páginas
650 _aThriller & Suspense
700 _aRoversi, Paolo
700 1 _a Hernández Rodilla, Itziar
856 _uhttps://public.digitaliapublishing.com/a/82373
942 _cCF
999 _c70786
_d70786